Catálogo

Sentir con los padres. (Registro nro. 501)

Detalles MARC
000 -LEADER
fixed length control field 01575cam a2200361 i 4500
001 - CONTROL NUMBER
control field 501
003 - CONTROL NUMBER IDENTIFIER
control field Mx-PuUPA
005 - DATE AND TIME OF LATEST TRANSACTION
control field 20250613151157.0
008 - FIXED-LENGTH DATA ELEMENTS--GENERAL INFORMATION
fixed length control field 140415s1999 sp gr 001 0 spa d
017 ## - COPYRIGHT OR LEGAL DEPOSIT NUMBER
Copyright or legal deposit number B. 27.180-99
020 ## - INTERNATIONAL STANDARD BOOK NUMBER
International Standard Book Number 8471295016
040 ## - CATALOGING SOURCE
Original cataloging agency MX-PuUPA
Language of cataloging spa
Description conventions rda
Transcribing agency Mx-PuUPA
Modifying agency Mx-PuUPA
041 0# - LANGUAGE CODE
Language code of text/sound track or separate title spa
100 1# - MAIN ENTRY--PERSONAL NAME
Personal name Arocena, Félix María,
Dates associated with a name 1954-
Relator term autor
9 (RLIN) 16673
245 10 - TITLE STATEMENT
Title Sentir con los padres.
Number of part/section of a work Volumen II.
Name of part/section of a work las lecturas patrísticas y hagiográficas de la liturgia de las horas con glosas y comentarios /
Statement of responsibility, etc. por Félix María Arocena Solano ; Teología Espiritual de Barcelona
246 30 - VARYING FORM OF TITLE
Title proper/short title Las lecturas patrísticas y hagiográficas de la liturgia de las horas con glosas y comentarios
250 ## - EDITION STATEMENT
Edition statement 1a. edición
264 #1 - PRODUCTION, PUBLICATION, DISTRIBUTION, MANUFACTURE, AND COPYRIGHT NOTICE
Place of production, publication, distribution, manufacture Barcelona, España :
Name of producer, publisher, distributor, manufacturer Editorial Regina,
Date of production, publication, distribution, manufacture, or copyright notice 1999
300 ## - PHYSICAL DESCRIPTION
Extent 824 páginas ;
Dimensions 22 cm
336 ## - CONTENT TYPE
Content type term texto
Fuente rdacontent
Content type code txt
337 ## - MEDIA TYPE
Media type term sin medio
Source rdamedia
Media type code n
338 ## - CARRIER TYPE
Carrier type term volumen
Source rdacarrier
Carrier type code nc
505 0# - FORMATTED CONTENTS NOTE
Miscellaneous information v.2.
Title Tiempo ordinario (Domingo VI - Sábado XXXIV) ; Solemnidades y fiestas del Señor ; Durante el tiempo ordinario ; Propio de los Santos (12 de Mayo - 30 de Noviembre).
650 #7 - SUBJECT ADDED ENTRY--TOPICAL TERM
Source of heading or term armarc
Topical term or geographic name entry element Biblia
General subdivision Comentarios
650 #7 - SUBJECT ADDED ENTRY--TOPICAL TERM
Source of heading or term armarc
Topical term or geographic name entry element Padres de la Iglesia
650 #7 - SUBJECT ADDED ENTRY--TOPICAL TERM
Source of heading or term armarc
Topical term or geographic name entry element Liturgia
General subdivision Oficio divino
650 #7 - SUBJECT ADDED ENTRY--TOPICAL TERM
Source of heading or term armarc
Topical term or geographic name entry element Leccionarios
710 2# - ADDED ENTRY--CORPORATE NAME
Corporate name or jurisdiction name as entry element Teología Espiritual de Barcelona,
Relator term promotor
942 ## - ADDED ENTRY ELEMENTS (KOHA)
Source of classification or shelving scheme Dewey Decimal Classification
Koha item type Libro
Classification part 220.7
Item part A76
Existencias
Withdrawn status Lost status Source of classification or shelving scheme Damaged status Not for loan Collection code Home library Current library Shelving location Date acquired Source of acquisition Cost, normal purchase price Total Checkouts Full call number Barcode Date last seen Cost, replacement price Price effective from Koha item type
    Dewey Decimal Classification     General Biblioteca Karol Wojtyla Biblioteca Karol Wojtyla Sala general 22/01/2025 1 415.00   220.7 A76 1999 105876 05/01/2026 415.00 22/01/2025 Libro